000 00522nam a22001817a 4500
003 330010
005 20260604150423.0
008 260604b sa ||||| |||| 00| 0 eng d
020 _a9780864866844
040 _c3228
082 0 _a968.045 MAY
100 _957501
_a MAYLAM, Paul Claremont, South Africa, 2005
245 _aThe Cult Of Rhodes:
_bRemembering An Imperialist In Africa
250 _a1st Ed.
260 _aClaremont
_bDavid Philip Publishers
_c2005
300 _a184 pages
_c23 cm
942 _2ddc
_cBOOK
_w190
_xDudu Mondlane
_y190
_zDudu Mondlane
999 _c799848
_d799847